Učitavanje...
Winning in the options market
| Glavni autor: | |
|---|---|
| Format: | Printed Book |
| Jezik: | Undetermined |
| Izdano: |
New Delhi
S.Chand And Company
1994
|
| LEADER | 00540nam a2200145Ia 4500 | ||
|---|---|---|---|
| 008 | 161229s9999 xx 000 0 und d | ||
| 020 | |a 8121909430 | ||
| 082 | |a 380.1 LYO/WI | ||
| 100 | |a Lyons, Allan S | ||
| 245 | |a Winning in the options market | ||
| 260 | |b S.Chand And Company |a New Delhi |c 1994 | ||
| 300 | |a xviii, 266 | ||
| 942 | |c BK | ||
| 999 | |c 154416 |d 154416 | ||
| 952 | |0 0 |1 0 |4 0 |6 380_100000000000000_LYOWI |7 0 |9 153492 |a KAUCLV |b KAUCLV |d 2016-12-29 |g 550.00 |o 380.1 LYO/WI |p 905725 |r 2016-12-29 |w 2016-12-29 |y BK |z Book transferred from CCBM Library ,Acc.No:9296 | ||